Fire Emblem Fates Personnages - Statistiques

Statistiques générales
  • Ce quiz a été pris 212 fois
    211 depuis la dernière actualisation
  • Le résultat moyen est 42 sur 69
Statistiques - réponses
Indice Réponse % Correct
Commun Corrin
97%
Héritage Ryoma
93%
Conquête Leo
91%
Conquête Elise
89%
Héritage Sakura
89%
Héritage Takumi
88%
Commun Azura
87%
Conquête Camilla
86%
Conquête Xander
86%
Héritage Hinoka
85%
Commun Felicia
79%
Commun Kaze
76%
Héritage Saizo
74%
Conquête Selena
73%
Commun Jacob
72%
Conquête Odin
72%
Conquête Arthur
71%
Commun Kana
68%
Héritage Hinata
67%
Héritage Kagero
67%
Héritage Oboro
67%
Commun Silas
67%
Conquête Effie
66%
Conquête Niles
66%
Conquête Beruka
65%
Conquête Flora
65%
Conquête Gunter
64%
Conquête Laslow
64%
Conquête Peri
64%
DLC Anna
63%
Héritage Azama
62%
Héritage Hana
62%
Héritage Setsuna
62%
Conquête Charlotte
60%
Commun Shigure
60%
Héritage Caeldori
59%
Conquête Soleil
59%
Héritage Subaki
59%
Commun Midori
58%
Conquête Nyx
56%
Héritage Orochi
56%
Conquête Forrest
55%
Héritage Rinkah
53%
Conquête Benny
52%
Conquête Ophelia
52%
Héritage Rhajat
52%
Conquête Keaton
51%
Héritage Scarlet
51%
Commun Sophie
51%
Conquête Nina
50%
Conquête Velouria
50%
Héritage Hayato
49%
Héritage Kaden
48%
Héritage Selkie
48%
Conquête Siegbert
48%
Héritage Shiro
47%
Héritage Asugi
43%
Commun Dwyer
43%
Révélation uniquement Fuga
41%
Héritage/ Conquête uniquement Izana
40%
Commun Mozu
40%
Héritage Reina
40%
Commun Shura
40%
Héritage Kiragi
37%
Conquête Percy
37%
Héritage Hisame
36%
Héritage Yukimura
35%
Héritage Mitama
33%
Conquête Ignatius
28%
Aucun quiz correspondant
Distribution des résultats
% des personnes avec chaque résultat
Percentile par nombre de réponses
Votre historique - résultats
Vous n’avez pas pris ce quiz depuis la dernière actualisation